000 00842nam a2200229Ii 4500
003 JO-AjNU
008 230605s9999||||xx |||||||||||||| ||und||
017 _a2009/4/1450
020 _a978-9957-74-038-2
040 _aJO-AjNU
_bara
_erda
_cJO-AjNU
041 _aara
050 1 4 _aDS110.M36.M3622 2010
100 3 _aمنصور، عزمي أحمد,
_eauthor
_950327
245 0 0 _aالمنسي حيفا: دراسة سوسيولوجية لحالة قرية فلسطينية تأبى النبسيان
250 _aط1
264 3 1 _aعمان: دار كنوز المعرفة، 2010
300 _a136ص
_bخرائط توضيحية
336 _atext
_btxt
_2rdacontent
337 _aunmediated
_bn
_2rdamedia
338 _avolume
_bnc
_2rdacarrier
650 4 _aحيفا-فلسطين-تاريخ/ الكفرين-فلسطين-تاريخ
_950328
999 _aA22162
_c25730
_d25730